000
00314nam a22001337a 4500
003
SGT
082
_a
340,SRI
100
_a
SRIDHAR'S,M.
245
_a
UNFAIR RENT UNEOMTRALE CONTRAL
260
_a
HYDERABAD
_b
ASIA LAW HOUSE
_c
2009
300
_a
491
650
_a
UNFAIR RENT UNEOMTRALE CONTRAL
942
_2
ddc
_c
BK
999
_c
11422
_d
11422